Tunnetut lyhenteet - Statistics

Yleistilastot
  • Tätä visaa on pelattu 53 kertaa
  • Keskiarvotulos 8 / 26
Vastaustilastot
lyhenne vihje % Oikein
TAYS Tampereen yliopistollinen sairaala yliopistollinen sairaala Pirkanmaalla
79%
AUK aliupseerikoulu Puolustusvoimien koulu
72%
WWW world wide web nettiosoitteen alkuosa
72%
NHL National Hockey League jääkiekkoliiga
68%
DI diplomi-insinööri ylempi korkeakoulututkinto (Suomi)
64%
VIP very important person status etuoikeutetulle henkilölle
62%
C cum laude approbatur ylioppilastutkinnon arvosana
60%
luomu luonnonmukainen
60%
WHO World Health Organization Maailman terveysjärjestö
60%
YSL Yves Saint Laurent muotitalo
49%
FBI Federal Bureau of Investigation Yhdysvaltain liittovaltion poliisi
36%
MEP Member of European Parliament Euroopan parlamentin jäsen
34%
NATO North Atlantic Treaty Organization sotilasliitto
23%
DDR Deutsche Demokratische Republik entinen marxisti-leninistinen valtio(saksaksi)
15%
HMS His/her Majesty's Ship etuliite laivojen nimissä(Iso-Britannia ja Ruotsi)
15%
SAK Suomen Ammattiliittojen Keskusjärjestö Suomen suurin ammatillinenkeskusjärjestö
15%
BMW Bayerische Motoren Werke autovalmistaja
11%
KTM kasvatustieteen maisteri ylempi korkeakoulututkinto(Suomi)
9%
BBC British Broadcasting Corporation brittiläinen yleisradioyhtiö
6%
evp eronnut vakinaisesta palveluksesta palveluksesta eronneen sotilaansotilasarvon jäljessä käytettävä liite
6%
SNTL Sosialististen neuvostotasavaltojen liitto entinen sosialistinen liittovaltio
6%
FIFA Fédération internationale de football association jalkapalloliitto(espanjaksi)
4%
laser light amplification by stimulated emission of radiation optinen laite, joka tuottaa koherentin valonsäteen
4%
DHL Dalsey, Hillblom, Lynn kuljetusyhtiö
2%
L&M Liggett & Myers savukemerkki
2%
J. R. R. Tolkien John Ronald Reuel Tolkien englantilainen kirjailija
0%
Ehtoja vastaavia visoja ei löytynyt
Tulosjakauma
Jokaisen tuloksen saaneiden osuus
Persentiili vastausten määrän mukaan
Tuloshistoriasi
Et ole pelannut tätä visaa